000 01734cas a2200397 i 4500
001 19018704
003 ARRUPE
005 20210702100252.0
008 160317c200u9999enkuu 0 0eng
010 _a 2016207161
020 _a9781509737147
035 _a(OCoLC)ocn947911230
040 _aDLC
_beng
_erda
_cDLC
_dDLC
_dOCLCF
_dDLC
_dOCL
042 _apcc
050 0 0 _aHF5661
_b.F762 2021 F3
245 0 0 _aFoundations in Accountancy/ACCA: Financial Accounting (FFA/FA) practice and revision kit
_bFor exams from 1st September 2021 to 31st August 2022
246 1 _aACCA paper F3, FFA paper FA
246 1 _aACCA paper F3, financial accounting
246 1 _aFoundations in Accountancy paper FFA, financial accounting
300 _axvii, 386p.
_c30cm
500 _aIncludes Ebook
610 2 0 _aAssociation of Chartered Certified Accountants (Great Britain)
_xExaminations
_vStudy guides.
_950159
610 2 7 _aAssociation of Chartered Certified Accountants (Great Britain)
_2fast
_950160
650 0 _aAccounting
_xExaminations
_vStudy guides.
_950161
650 0 _aAccounting
_vExaminations, questions, etc.
_950166
650 7 _aAccounting.
_2fast
_950167
650 7 _aAccounting
_xExaminations.
_2fast
_950163
650 7 _aExaminations.
_2fast
_950164
655 7 _aExaminations.
_2fast
_950168
655 7 _aStudy guides.
_2fast
_950165
710 2 _aAssociation of Chartered Certified Accountants (Great Britain)
_950160
906 _a7
_bcbc
_cserorig
_d2
_encip
_f20
_gn-oclcserc
942 _2lcc
_cMONOGRAPH
999 _c130623
_d130623